000 00581nam a2200193Ia 4500
003 IN-BaIIA
008 211028s9999 xx 000 0 eng d
020 _a0-670-83792-X
040 _cIIA Library
080 _a[8]:01:00
_bRAM
100 _aRamanna, Raja
_917544
245 0 _aYears of pilgrimage
_ban autobiography
_cRaja Ramanna
260 _aNew Delhi
_bPenguin Books
_c1991
300 _a144p.
650 _aAstronomy and Astrophysics Thesaurus
650 _aAutobiography
_915205
650 _abiography
_91224
942 _cBK
999 _c10322
_d10322